| 000 | 00424nam a2200133 a 4500 | ||
|---|---|---|---|
| 001 | 000040489 | ||
| 005 | 20201002034150.0 | ||
| 008 | 130826s2011 dr a 000 0 spa d | ||
| 020 | _a9789945164428 | ||
| 040 |
_aDO-SdBNP _bspa _cBNPHU |
||
| 245 | 0 | 0 | _aNormas básicas de control interno del sector público dominicano. |
| 260 |
_aSanto Domingo : _bContraloría General de la República, _c2011. |
||
| 300 |
_a29 p. : _bil. ; _c27. |
||
| 999 |
_c39979 _d39979 |
||